00539nam a2200217Ia 4500008004100000020001500041041001200056082000800068082001100076100002000087100001800107100001100125245007100136260001400207260002300221260000900244300001500253365002500268650001300293650001500306150901s9999 xx 000 0 und d a8127224545 aEnglish a519 bNAD/QU aGunasekaran M  aNadarajan N  eAuthor aQuantitative genetics and biometrical techniques in plant breeding aNew Delhi bKalyani Publishers c2008 a258 Pages aRs.150  aGenetics aStatistics